| 000 -LEADER |
| fixed length control field |
00623nam a2200193Ia 4500 |
| 001 - CONTROL NUMBER |
| control field |
16376 |
| 003 - CONTROL NUMBER IDENTIFIER |
| control field |
GE_BSU |
| 005 - DATE AND TIME OF LATEST TRANSACTION |
| control field |
20190715174706.0 |
| 008 - FIXED-LENGTH DATA ELEMENTS--GENERAL INFORMATION |
| fixed length control field |
181216s2002||||en |||||||||||||| ||eng|| |
| 020 ## - INTERNATIONAL STANDARD BOOK NUMBER |
| International Standard Book Number |
978157443172 |
| 080 ## - UNIVERSAL DECIMAL CLASSIFICATION NUMBER |
| Universal Decimal Classification number |
004.45 C-55 |
| 100 ## - MAIN ENTRY--PERSONAL NAME |
| Personal name |
Chorafas,Dimitris N |
| 9 (RLIN) |
3230 |
| 245 ## - TITLE STATEMENT |
| Title |
Enterprise Architecture and new generation information system / |
| Statement of responsibility, etc. |
Dimitris N , Chorafas |
| 264 ## - PRODUCTION, PUBLICATION, DISTRIBUTION, MANUFACTURE, AND COPYRIGHT NOTICE |
| Place of production, publication, distribution, manufacture |
London : |
| Name of producer, publisher, distributor, manufacturer |
ST. LUClE PRESS, |
| Date of production, publication, distribution, manufacture, or copyright notice |
2002. |
| 300 ## - PHYSICAL DESCRIPTION |
| Extent |
361 p .: |
| Other physical details |
ill ; |
| Dimensions |
24 cm. |
| 653 ## - INDEX TERM--UNCONTROLLED |
| keyword |
Enterprise Architecture and new generation information system |
| 653 ## - INDEX TERM--UNCONTROLLED |
| keyword |
ინფორმატიკა |
| 942 ## - ADDED ENTRY ELEMENTS (KOHA) |
| Koha item type |
წიგნი |
| Source of classification or shelving scheme |
|